Гобіт, або мандрівка імлисті гори (Запис № 17319)

000 -Маркер запису
Контрольне поле сталої довжини 01158nam a22002657a 4500
003 - Належність контрольного номера
Контрольне поле Uzh_bibl
008 - Кодовані дані
Контрольне поле сталої довжини 260414b |||||||| |||| 00| 0 ukr d
020 ## - Індекс ISBN
ISBN 5-301-01224-Х
Ціна 55.68
040 ## - Джерело каталогіз.
Код мови каталог. укр.
041 ## - Код мови видання
Код мови оригіналу українська
Код мови тексту українська
080 ## - Індекс УДК
Індекс УДК 821.161.1
090 ## - Шифри
Поличний індекс 821.161.1
Авторський знак Т52
100 ## - Автор
Автор Толкін, Руел Роналд, Джон
245 ## - Назва
Назва Гобіт, або мандрівка імлисті гори
Відповідальність Пер з англ. О.Мокровольського
Фізичний носій Текст
260 ## - Вихідні дані
Місце видання Київ
Видавництво "Веселка"
Дата видання 1992
300 ## - Фізичний опис
Обсяг 303 с.
Ілл./тип відтвор. іл.
Тип одиниці В опр.
490 ## - Серія
№ тому 2-ге вид.
520 ## - Анотація
Анотація Повість-казка класика англійської дитячої літератури про небезпечні пригоди істоти - гобіта.
521 ## - Примітка про цільове призначення
Примітка про цільове призначення Для молодшого шкільного віку
546 ## - Примітка про мову
Примітка про мову укр.
650 ## - Тематичні рубрики
Основна рубрика Літературно-художнє видання
653 ## - Ключові слова
Ключові слова Цікаві пригоди
-- Химерна істота
-- Казкова форма
655 ## - Термін індексування — жанр/форма
Жанр/форма Художня література
Типове ділення Повість-казка
942 ## - ADDED ENTRY ELEMENTS (KOHA)
Джерело класифікації чи схема поличного розташування
Koha item type Книги
Фонди
Статус вилучення Статус втрати/відсутності Джерело класифікації чи схема поличного розташування Статус пошкодження Тип обігу (не для випозичання) Постійне розташування Поточне розташування Розташування у відділі Дата надходження Інвентарний номер Total Checkouts Повний (примірниковий) шифр зберігання Штрих-код Date last seen Дата, для якої чинна ціна заміни Тип одиниці (рівень примірника)
          Бібліотека-філія №2 Бібліотека-філія №2 Абонемент молодший відділ 14/04/2026 42769/3   821.161.1 19714 14/04/2026 14/04/2026 Книги

Працює на АБІС Коха